Sachverhaltsfeststellung und Beweistheorie: Elemente einer Theorie strafprozessualer Sachverhaltsfeststellung
| Main Author: | |
|---|---|
| Format: | Print Book |
| Language: | German |
| Published: |
Köln Berlin [u.a.]
Heymann
1992
|
| In: |
Osnabrücker rechtswissenschaftliche Abhandlungen (28)
Year: 1992 |
| Online Access: |
Table of Contents |
| Availability in Tübingen: | Present in Tübingen. IFK: F IV 586 |
| Check availability: | HBZ Gateway |
| Subito Delivery Service: | Order now. |
| Keywords: |
MARC
| LEADER | 00000cam a2200000 c 4500 | ||
|---|---|---|---|
| 001 | 272706159 | ||
| 003 | DE-627 | ||
| 005 | 20260206193751.0 | ||
| 007 | tu | ||
| 008 | 921202s1992 gw ||||| m 00| ||ger c | ||
| 015 | |a 92,N48,0237 |2 dnb | ||
| 015 | |a 93,H04,0355 |2 dnb | ||
| 016 | 7 | |a 921076142 |2 DE-101 | |
| 020 | |a 3452218694 |9 3-452-21869-4 | ||
| 035 | |a (DE-627)272706159 | ||
| 035 | |a (DE-603)022538836 | ||
| 035 | |a (DE-576)030957443 | ||
| 035 | |a (DE-599)GBV272706159 | ||
| 035 | |a (OCoLC)231401963 | ||
| 035 | |a (DE-604)8058465405 | ||
| 040 | |a DE-627 |b ger |c DE-627 |e rakwb | ||
| 041 | |a ger | ||
| 044 | |c XA-DE | ||
| 050 | 0 | |a K5465 | |
| 084 | |a 19 |2 sdnb | ||
| 084 | |a PG 465 |2 rvk |0 (DE-625)rvk/135954: | ||
| 084 | |a PH 4850 |2 rvk |0 (DE-625)rvk/136155: | ||
| 084 | |a 86.36 |2 bkl | ||
| 100 | 1 | |8 1\p |a Schulz, Joachim |d 1945-2006 |0 (DE-588)133847950 |0 (DE-627)691878692 |0 (DE-576)300146000 |4 aut | |
| 109 | |a Schulz, Joachim 1945-2006 | ||
| 245 | 1 | 0 | |a Sachverhaltsfeststellung und Beweistheorie |b Elemente einer Theorie strafprozessualer Sachverhaltsfeststellung |c von Joachim Schulz |
| 264 | 1 | |a Köln |a Berlin [u.a.] |b Heymann |c 1992 | |
| 300 | |a X, 333 S. | ||
| 336 | |a Text |b txt |2 rdacontent | ||
| 337 | |a ohne Hilfsmittel zu benutzen |b n |2 rdamedia | ||
| 338 | |a Band |b nc |2 rdacarrier | ||
| 490 | 1 | |a Osnabrücker rechtswissenschaftliche Abhandlungen |v 28 | |
| 500 | |a Includes bibliographical references (p. 315-333) | ||
| 502 | |a Zugl.: Hagen, Fernuniv., Habil.-Schr., 1985 | ||
| 583 | 1 | |a Archivierung prüfen |c 20240324 |f DE-4165 |z 2 |2 pdager | |
| 653 | 0 | |a Evidence, Criminal | |
| 653 | 0 | |a Crime | |
| 653 | 0 | |a Evidence, Criminal |a Germany | |
| 655 | 7 | |a Hochschulschrift |0 (DE-588)4113937-9 |0 (DE-627)105825778 |0 (DE-576)209480580 |2 gnd-content | |
| 689 | 0 | 0 | |d s |0 (DE-588)4116634-6 |0 (DE-627)105805297 |0 (DE-576)209503203 |a Strafverfahren |2 gnd |
| 689 | 0 | 1 | |d s |0 (DE-588)4132532-1 |0 (DE-627)105687006 |0 (DE-576)209636378 |a Beweis |2 gnd |
| 689 | 0 | |5 DE-101 | |
| 751 | |a Hagen |0 (DE-588)4022917-8 |0 (DE-627)106306421 |0 (DE-576)208946438 |4 uvp | ||
| 830 | 0 | |a Osnabrücker rechtswissenschaftliche Abhandlungen |v 28 |9 28 |w (DE-627)129202355 |w (DE-576)010229205 |w (DE-600)54459-0 |7 am | |
| 856 | 4 | 2 | |u http://www.gbv.de/dms/spk/sbb/toc/272706159.pdf |m V:DE-601 |m B:DE-1 |q pdf/application |x Verlag |y Inhaltsverzeichnis |3 Inhaltsverzeichnis |7 1 |
| 883 | |8 1\p |a cgwrk |d 20241001 |q DE-101 |u https://d-nb.info/provenance/plan#cgwrk | ||
| 889 | |w (DE-627)022379967 | ||
| 889 | |w (DE-627)120831988 | ||
| 935 | |i mdedup | ||
| 935 | |i Blocktest | ||
| 935 | |h HEB |i 0501 | ||
| 935 | |h HEB |i 0503 | ||
| 936 | r | v | |a PG 465 |b Probleme des Erkenntnisverfahrens |k Rechtswissenschaft |k Rechtspflege, Gerichtsverfassung, Zivilverfahrensrecht und Nebengebiete |k Zivilprozess, Zivilprozessrecht, Zivilprozessordnung, Schiedsgerichtsbarkeit |k Einzeldarstellungen |k Probleme des Erkenntnisverfahrens |0 (DE-627)1270707590 |0 (DE-625)rvk/135954: |0 (DE-576)200707590 |
| 936 | r | v | |a PH 4850 |b Allgemeines, auch Beweisverbote |k Rechtswissenschaft |k Strafrecht, Strafverfahrensrecht, Kriminologie |k Strafverfahrensrecht |k Beweisrecht |k Allgemeines, auch Beweisverbote |0 (DE-627)127173866X |0 (DE-625)rvk/136155: |0 (DE-576)20173866X |
| 936 | b | k | |a 86.36 |j Strafprozessrecht |0 (DE-627)106413570 |
| 936 | s | n | |a p100 |2 mzub |
| 951 | |a BO | ||
| ELC | |b 1 | ||
| LOK | |0 000 xxxxxcx a22 zn 4500 | ||
| LOK | |0 001 3152041802 | ||
| LOK | |0 003 DE-627 | ||
| LOK | |0 004 272706159 | ||
| LOK | |0 005 20100602085429 | ||
| LOK | |0 008 100602||||||||||||||||ger||||||| | ||
| LOK | |0 040 |a DE-21-110 |c DE-627 |d DE-21-110 | ||
| LOK | |0 541 |e 10/235 | ||
| LOK | |0 689 |a s |a Beweistheorie | ||
| LOK | |0 689 |a s |a Sachverhaltsfeststellung | ||
| LOK | |0 689 |a s |a Wahrheit | ||
| LOK | |0 689 |a s |a Modelle | ||
| LOK | |0 689 |a s |a Beweiserhebung | ||
| LOK | |0 689 |a s |a Strafverfahren | ||
| LOK | |0 852 |a DE-21-110 | ||
| LOK | |0 852 1 |c F IV 586 |m p |9 00 | ||
| LOK | |0 936ln |a 4.6.5 | ||
| LOK | |0 938 |a 1006 | ||
| LOK | |0 938 |k p | ||
| LOK | |0 939 |a 02-06-10 |b l01 | ||
| ORI | |a SA-MARC-krimdoka001.raw | ||
| SIG | |a IFK: F IV 586 | ||
